Trojvrstvová a iné metódy financovania strát
Riziká podnikateľských subjektov mnohokrát vedú k strate. Na krytie jej následkov musia nájsť dostupné prostriedky. Modely krytia strát. Trojvrstvová metódy financovania. Ďalšie metódy a modely pre krytie strát.
Salvato in:
| Autore principale: | |
|---|---|
| Altri autori: | , |
| Natura: | Capitolo di libro |
| Lingua: | slovacco |
| Soggetti: | |
| Tags: |
Nessun Tag, puoi essere il primo ad aggiungerne!!
|
MARC
| LEADER | 00000naa$a2200000$$$4500 | ||
|---|---|---|---|
| 001 | 0019462 | ||
| 005 | 20220606120022.3 | ||
| 041 | 0 | |a slo | |
| 044 | |a SK | ||
| 245 | 1 | 0 | |a Trojvrstvová a iné metódy financovania strát |c Anna Starečková, Ľudovít Pinda, Zuzana Šimková |
| 520 | |a Riziká podnikateľských subjektov mnohokrát vedú k strate. Na krytie jej následkov musia nájsť dostupné prostriedky. Modely krytia strát. Trojvrstvová metódy financovania. Ďalšie metódy a modely pre krytie strát. | ||
| 610 | 2 | 0 | |a podnik |
| 610 | 2 | 0 | |a riziko podnikateľské |
| 610 | 2 | 0 | |a strata |
| 610 | 2 | 0 | |a financovanie |
| 610 | 2 | 0 | |a modely ekonomicko-matematické |
| 610 | 2 | 0 | |a modelovanie |
| 610 | 2 | 0 | |a metódy ekonomicko-matematické |
| 100 | 1 | |a Starečková, Anna | |
| 700 | 1 | |a Pinda, Ľudovít, 1958- | |
| 700 | 1 | |a Šimková, Zuzana | |